[Event "Arber op 2nd"]
[Site "Bayerisch Eisenstein"]
[Date "2013.07.06"]
[Round "8"]
[White "Bader, Gerd"]
[Black "Sigurdsson, Jakob Saevar"]
[Result "1-0"]
[WhiteElo "2026"]
[BlackElo "1768"]
[PlyCount "85"]
[EventDate "2013.06.29"]
[EventType "swiss"]
[EventRounds "9"]
[EventCountry "GER"]
[SourceTitle "CBM 155 Extra"]
[Source "ChessBase"]
[SourceDate "2013.08.26"]
[SourceVersion "1"]
[SourceVersionDate "2013.08.26"]
[SourceQuality "1"]

1. d3 d5 2. Nf3 c6 3. Nbd2 Nd7 4. e4 e5 5. Be2 Ngf6 6. c3 Bd6 7. 0-0 0-0 8. Qc2 Re8 9. Re1 Qc7 10. Nf1 a5 11. Bg5 dxe4 12. dxe4 Be7 13. Rad1 Nc5 14. Ng3 a4 15. Nh4 g6 16. Nf3 Be6 17. Ra1 Rad8 18. h3 Kg7 19. Be3 Bd7 20. Ng5 Ne6 21. Nf3 Nc5 22. Rad1 Rc8 23. Nxe5 Qxe5 24. Bd4 Qc7 25. e5 Ne6 26. exf6+ Bxf6 27. Bxf6+ Kxf6 28. Qc1 Red8 29. Bg4 Be8 30. Kh1 Qf4 31. Qxf4+ Nxf4 32. Bxc8 Rxc8 33. Rd4 Ne6 34. Rxa4 c5 35. Ree4 Bc6 36. Re1 Nf4 37. f3 Nd3 38. Re2 Nf4 39. Rd2 Re8 40. b3 Kg7 41. c4 f5 42. Kg1 Kf7 43. Rd1 1-0

[Event "Arber op 2nd"]
[Site "Bayerisch Eisenstein"]
[Date "2013.07.03"]
[Round "5"]
[White "Sigurdsson, Jakob Saevar"]
[Black "Bielmeier, Ludwig"]
[Result "1-0"]
[WhiteElo "1768"]
[BlackElo "2123"]
[PlyCount "120"]
[EventDate "2013.06.29"]
[EventType "swiss"]
[EventRounds "9"]
[EventCountry "GER"]
[SourceTitle "CBM 155 Extra"]
[Source "ChessBase"]
[SourceDate "2013.08.26"]
[SourceVersion "1"]
[SourceVersionDate "2013.08.26"]
[SourceQuality "1"]

1. d4 Nf6 2. c4 c5 3. d5 b5 4. cxb5 a6 5. f3 g6 6. e4 Bg7 7. Na3 0-0 8. Ne2 axb5 9. Nxb5 Ba6 10. Nec3 d6 11. Be2 Nbd7 12. 0-0 Qb6 13. Be3 Qa5 14. a3 Qd8 15. b4 Ne8 16. Rc1 Rc8 17. Na7 Bxe2 18. Qxe2 Ra8 19. Nc6 Qb6 20. Nxe7+ Kh8 21. bxc5 Nxc5 22. Qb5 Qa7 23. Nc6 Qxa3 24. Bd4 Bxd4+ 25. Nxd4 Nc7 26. Qe2 Rfb8 27. Ndb5 Nxb5 28. Nxb5 Qa6 29. Nd4 Qa4 30. Nc6 Re8 31. Qb2+ Kg8 32. Rfd1 Nd7 33. Qb7 Nc5 34. Qb2 Nd7 35. Qd4 Qb5 36. Rb1 Qe2 37. Rb2 Qa6 38. Rdb1 Qa3 39. Kh1 Ra4 40. Qd2 Raa8 41. Qb4 Qxb4 42. Rxb4 Kg7 43. Kg1 Ra2 44. Rb7 Nc5 45. R7b2 Ra4 46. Rb8 Rxb8 47. Nxb8 Ra2 48. Rd1 f6 49. Nc6 Kf7 50. Kf1 Ke8 51. Nd4 Kd7 52. Ne2 Kc7 53. h4 h5 54. Nf4 g5 55. hxg5 fxg5 56. Nxh5 g4 57. Nf6 gxf3 58. gxf3 Kd8 59. Ng4 Ke7 60. Rd4 Nb3 1-0

[Event "Arber op 2nd"]
[Site "Bayerisch Eisenstein"]
[Date "2013.07.02"]
[Round "4"]
[White "Meduna, Eduard1"]
[Black "Sigurdsson, Jakob Saevar"]
[Result "0-1"]
[WhiteElo "2082"]
[BlackElo "1768"]
[PlyCount "78"]
[EventDate "2013.06.29"]
[EventType "swiss"]
[EventRounds "9"]
[EventCountry "GER"]
[SourceTitle "CBM 155 Extra"]
[Source "ChessBase"]
[SourceDate "2013.08.26"]
[SourceVersion "1"]
[SourceVersionDate "2013.08.26"]
[SourceQuality "1"]

1. e4 e5 2. Nf3 Nf6 3. Nc3 Nc6 4. d4 exd4 5. Nxd4 Bb4 6. Nxc6 bxc6 7. Bd3 d5 8. exd5 cxd5 9. 0-0 0-0 10. Bg5 c6 11. Qf3 h6 12. Bf4 Bd6 13. h3 Bxf4 14. Qxf4 c5 15. Rad1 Be6 16. Rfe1 Qb8 17. Qc1 d4 18. Ne4 Nd7 19. b3 Qb7 20. Qf4 Qb8 21. Qh4 Qd8 22. Qg3 Rc8 23. Nd6 Rc6 24. Bb5 Rb6 25. Bc4 Bxc4 26. Nxc4 Rg6 27. Qf3 Nb6 28. Ne5 Rf6 29. Qb7 Qb8 30. Qxb8 Rxb8 31. a4 Rd8 32. Kf1 Nd7 33. Nxd7 Rxd7 34. Re5 Rc6 35. Re4 Rcd6 36. Ke2 f6 37. Kd3 Kf7 38. Kc4 Rd5 39. Re2 R7d6 0-1

[Event "Hafnarfjordur-ch"]
[Site "Reykjavik"]
[Date "2007.12.16"]
[Round "6"]
[White "Fridgeirsson, Dagur Andri"]
[Black "Sigurdsson, Jakob Saevar"]
[Result "1-0"]
[WhiteElo "1804"]
[BlackElo "1837"]
[PlyCount "55"]
[EventDate "2007.12.13"]
[EventType "swiss"]
[EventRounds "7"]
[EventCountry "ISL"]
[SourceTitle "CBM 122 Extra"]
[Source "ChessBase"]
[SourceDate "2008.03.04"]
[SourceVersion "1"]
[SourceVersionDate "2008.03.04"]
[SourceQuality "1"]

1. d4 Nf6 2. c4 g6 3. Nc3 Bg7 4. e4 d6 5. Be2 0-0 6. Bg5 Na6 7. Qd2 e5 8. d5 Nc5 9. b4 Ncxe4 10. Nxe4 Nxe4 11. Bxd8 Nxd2 12. Bxc7 e4 13. Rd1 e3 14. fxe3 Ne4 15. Bf3 Re8 16. Ne2 Bd7 17. Bxe4 Rxe4 18. Bxd6 Rxc4 19. 0-0 Bb5 20. Rf2 Rac8 21. a3 Rc2 22. Nd4 Bxd4 23. exd4 Rxf2 24. Kxf2 Rc2+ 25. Kg1 Rc3 26. Be5 Rxa3 27. Rc1 h5 28. Rc8+ 1-0

[Event "Hafnarfjordur-ch"]
[Site "Reykjavik"]
[Date "2007.12.15"]
[Round "4"]
[White "Bjornsson, Sverrir Orn"]
[Black "Sigurdsson, Jakob Saevar"]
[Result "1-0"]
[WhiteElo "2107"]
[BlackElo "1837"]
[PlyCount "97"]
[EventDate "2007.12.13"]
[EventType "swiss"]
[EventRounds "7"]
[EventCountry "ISL"]
[SourceTitle "CBM 122 Extra"]
[Source "ChessBase"]
[SourceDate "2008.03.04"]
[SourceVersion "1"]
[SourceVersionDate "2008.03.04"]
[SourceQuality "1"]

1. d4 Nf6 2. c4 g6 3. Nc3 Bg7 4. e4 d6 5. Nf3 0-0 6. h3 Na6 7. Bg5 h6 8. Be3 e5 9. d5 Nc5 10. Nd2 a5 11. g4 Nh7 12. h4 f5 13. gxf5 gxf5 14. Qc2 Nxe4 15. Ndxe4 fxe4 16. Nxe4 Bf5 17. Bd3 Nf6 18. 0-0-0 Kh8 19. Rdg1 Nxe4 20. Bxe4 Qd7 21. Bxf5 Qxf5 22. Rg6 Qxc2+ 23. Kxc2 Kh7 24. Rhg1 Rg8 25. Kd3 b6 26. a4 Raf8 27. Ke4 Rf6 28. Rxf6 Bxf6 29. Rxg8 Kxg8 30. h5 Bg7 31. Kf5 Kf7 32. b3 Bf8 33. f3 Bg7 34. Bd2 Bf8 35. Be1 Be7 36. Bd2 Bf8 37. b4 axb4 38. Bxb4 Be7 39. Bd2 Kg7 40. Ke6 Bg5 41. Bxg5 hxg5 42. Kf5 Kh6 43. Kg4 Kh7 44. Kxg5 Kg7 45. h6+ Kh7 46. Kh5 Kh8 47. Kg6 Kg8 48. h7+ Kh8 49. Kh6 1-0